000 00633nam a22002177a 4500
999 _c5505
_d5505
003 AR-CdUCM
008 190312b ||||| |||| 00| 0 spa d
040 _aMUNICIPALIDAD PROVINCIAL DEL CUSCO
_cBIBLIOTECA MUNICIPAL DEL CUSCO
082 _a869.56 /
_bT64
100 _aTola de Habich, Fernando
_916513
245 _aCanción de amor /
260 _aLima :
_bKama Sutra,
_c1968.
300 _a75 paginas ;
_c24 cm.
500 _aDonación familia Nieto
505 _aContenido :Poesías /
650 _aLiteratura peruanas
_916514
650 _aPoesías
_92272
650 _aSiglo XX
_98
942 _2ddc
_cLIBROS
945 _arjall